Racists / (Record no. 174488)

000 -LEADER
fixed length control field 01205cam a2200361 a 4500
001 - CONTROL NUMBER
control field 14302053
003 - CONTROL NUMBER IDENTIFIER
control field Nust
005 - DATE AND TIME OF LATEST TRANSACTION
control field 20220831094251.0
008 - FIXED-LENGTH DATA ELEMENTS--GENERAL INFORMATION
fixed length control field 050208s2006 enk 000 1 eng d
010 ## - LIBRARY OF CONGRESS CONTROL NUMBER
LC control number 2006373584
015 ## - NATIONAL BIBLIOGRAPHY NUMBER
National bibliography number GBA587985
Source bnb
016 7# - NATIONAL BIBLIOGRAPHIC AGENCY CONTROL NUMBER
Record control number 013315310
Source Uk
020 ## - INTERNATIONAL STANDARD BOOK NUMBER
International Standard Book Number 978-0143062257
Terms of availability Rs. 436
035 ## - SYSTEM CONTROL NUMBER
System control number (OCoLC)ocm62132488
038 ## - RECORD CONTENT LICENSOR
Staff Name Arshad
040 ## - CATALOGING SOURCE
Original cataloging agency UKM
Transcribing agency UKM
Modifying agency BWKUK
-- DLC
042 ## - AUTHENTICATION CODE
Authentication code lccopycat
043 ## - GEOGRAPHIC AREA CODE
Geographic area code mm-----
050 00 - LIBRARY OF CONGRESS CALL NUMBER
Classification number PR9499.3.B32
Item number R33 2006
082 04 - DEWEY DECIMAL CLASSIFICATION NUMBER
Classification number 823
Author Mark BAS
100 1# - MAIN ENTRY--PERSONAL NAME
Personal name Basu, Kunal,
Dates associated with a name 1956-
9 (RLIN) 11723
245 10 - TITLE STATEMENT
Title Racists /
Statement of responsibility, etc. Kunal Basu.
260 ## - PUBLICATION, DISTRIBUTION, ETC.
Place of publication, distribution, etc. London :
Name of publisher, distributor, etc. Weidenfeld & Nicolson,
Date of publication, distribution, etc. 2006.
300 ## - PHYSICAL DESCRIPTION
Extent 214 p. ;
Dimensions 23 cm.
500 ## - GENERAL NOTE
General note "A Phoenix House book."
650 #0 - SUBJECT ADDED ENTRY--TOPICAL TERM
Topical term or geographic name entry element Eugenics
Form subdivision Fiction.
9 (RLIN) 11724
650 #0 - SUBJECT ADDED ENTRY--TOPICAL TERM
Topical term or geographic name entry element Islands of the Mediterranean
Form subdivision Fiction.
9 (RLIN) 11725
856 42 - ELECTRONIC LOCATION AND ACCESS
Materials specified Contributor biographical information
Uniform Resource Identifier <a href="http://www.loc.gov/catdir/enhancements/fy0632/2006373584-b.html">http://www.loc.gov/catdir/enhancements/fy0632/2006373584-b.html</a>
856 42 - ELECTRONIC LOCATION AND ACCESS
Materials specified Publisher description
Uniform Resource Identifier <a href="http://www.loc.gov/catdir/enhancements/fy0632/2006373584-d.html">http://www.loc.gov/catdir/enhancements/fy0632/2006373584-d.html</a>
906 ## - LOCAL DATA ELEMENT F, LDF (RLIN)
a 7
b cbc
c copycat
d 2
e ncip
f 20
g y-gencatlg
942 ## - ADDED ENTRY ELEMENTS (KOHA)
Source of classification or shelving scheme
Koha item type Book
Holdings
Withdrawn status Lost status Source of classification or shelving scheme Damaged status Not for loan Permanent Location Current Location Shelving location Date acquired Total Checkouts Full call number Barcode Checked out Date last seen Date last checked out Copy number Price effective from Koha item type
          Central Library (CL) Central Library (CL) Fiction 01/27/2017 6 823 BAS CL320 03/19/2024 02/18/2024 02/18/2024 1 01/27/2017 Book
© 2023 Central Library, National University of Sciences and Technology. All Rights Reserved.